Ajuntament de Castellbell i el Vilar : informació municipal informació municipal
Descripción Física:
1 díptic ; 9 x 20 cm.
Idioma:
Catalán
MARC
| LEADER | 00000nam a22000007a 4500 | ||
|---|---|---|---|
| 001 | 27317 | ||
| 003 | Arxiu | ||
| 005 | 20260324181152.0 | ||
| 008 | 230130b spa||||| |||| 00| 0 cat d | ||
| 017 | |a B 13356-2014 | ||
| 040 | |a agdb |b cat | ||
| 041 | |a cat | ||
| 245 | |a Ajuntament de Castellbell i el Vilar : |b informació municipal | ||
| 260 | |a Barcelona : |b Diputació de Barcelona ; |c 2014 | ||
| 300 | |a 1 díptic ; |c 9 x 20 cm. | ||
| 650 | 0 | |9 55395 |a Serveis municipals |z Castellbell i el Vilar (Catalunya) | |
| 710 | |9 55394 |a Castellbell i el Vilar (Catalunya). |b Ajuntament | ||
| 710 | 1 | |a Barcelona (Catalunya : Província). |b Àrea de Territori i Sostenibilitat |9 52770 | |
| 942 | |2 udc |c ARXIU |n 1 | ||
| 952 | |0 0 |1 0 |2 udc |4 0 |6 FU7437 |7 1 |9 65148 |a Arxiu |b Arxiu |d 2023-01-30 |l 0 |o FU-74-37 |p 27317 |r 2023-01-30 00:00:00 |w 2023-01-30 |y ARXIU | ||
| 999 | |c 83026 |d 83026 | ||